Normal view
MARC view
Entry Topical Term
001 - CONTROL NUMBER
- control field: 42103
003 - CONTROL NUMBER IDENTIFIER
- control field: ARRUPE
005 - DATE AND TIME OF LATEST TRANSACTION
- control field: 20180912115700.0
008 - FIXED-LENGTH DATA ELEMENTS
- fixed length control field: 180912|| aca||aabn | a|a d
040 ## - CATALOGING SOURCE
- Original cataloging agency: ARRUPE
- Transcribing agency: ARRUPE
150 ## - HEADING--TOPICAL TERM
- Topical term or geographic name as entry element: Education, Higher
- Geographic subdivision: India
- General subdivision: Philosophy.
670 ## - SOURCE DATA FOUND
- Source citation: Work cat.: (ARRUPE)0: Miri, Mrinal, author. 42102, Philosophy and education /, 2014